Metodika finančního účtů a krátkodobého modelu peněžních a finančních vztahů
Guardado en:
| Autor principal: | |
|---|---|
| Otros Autores: | |
| Formato: | Libro |
| Lenguaje: | checo |
| Publicado: |
Praha
Vysoká škola ekonomická
1969
|
| Etiquetas: |
Sin Etiquetas, Sea el primero en etiquetar este registro!
|
MARC
| LEADER | 00000nam a2200000 4500 | ||
|---|---|---|---|
| 001 | c121970 | ||
| 005 | 20150325105520.2 | ||
| 041 | 0 | |a cze | |
| 044 | |a CZ | ||
| 245 | 1 | 0 | |a Metodika finančního účtů a krátkodobého modelu peněžních a finančních vztahů |c J. Tuček, V. Šimůnek |
| 264 | 1 | |a Praha |b Vysoká škola ekonomická |c 1969 | |
| 300 | |a 272 s. | ||
| 100 | 1 | |a Tuček, J. | |
| 700 | 1 | |a Šimůnek, V. | |